Szczegóły MARC21

Medycyna : słownik encyklopedyczny /

005 -DATA I CZAS OSTATNIEJ MODYFIKACJI [,]
    • @
    • pole kontrolne
    • 20070315155141.9
020 -Międzynarod. znormalizowany nr książki - ISBN [ , ]
    • a
    • Numer ISBN
    • 8386822538 Find
040 -Instytucja sporządzająca opis [ , ]
    • a
    • Instytucja, która sporządziła opis (NP)
    • SZCZ U
    • c
    • Instytucja, która sporządziła rekord (NP)
    • SZCZ U
041 -Język dokumentu [1, ]
    • a
    • Język tekstu (P)
    • polski
    • h
    • Język tekstu oryginalnego i/lub pośredniego (P)
    • angielski
942 -Rodzaj dokumentu [ , ]
    • c
    • Rodzaj dokumentu
    • Książka
100 -Hasło główne - nazwa osobowa [ , ]
    • a
    • Nazwa osobowa (NP)
    • YOUNGSON ROBERT M.
245 -Strefa tytułu i oznaczenia odpowiedzialności [1, ]
    • a
    • Tytuł
    • Medycyna : Find
    • b
    • Ciąg dalszy tytułu (NP)
    • słownik encyklopedyczny / Find
260 -Strefa adresu wydawniczego [ , ]
    • a
    • Miejsce wydania (P)
    • [Warszawa] :
    • b
    • Nazwa wydawcy (P)
    • "RTW",
    • c
    • Data wydania (P)
    • 1997.
300 -Strefa opisu fizycznego [ , ]
    • a
    • Określenie formy książki i/lub objętość (NP)
    • 620 s. :
    • b
    • Oznaczenie ilustracji (NP)
    • rys. :
    • c
    • Format (NP)
    • 20 cm.
500 -Uwaga ogólna [ , ]
    • a
    • Uwaga ogólna (NP)
    • Tł.z ang. - Tyt.oryg.: Collins dictionary of medicine
080 -Uniwersalna Klasyfikacja Dziesiętna [ , ]
    • a
    • Symbol klasyfikacji
    • 61(038)
980 -Symbol UKD [ , ]
    • a
    • UKD
    • 61(038)
920 -ISBN [ , ]
    • a
    • ISBN
    • 83-86822-53-8 Find
Status udost. Numer inwentarzowy Lokalizacja Data inwentaryzacji
1Pd.11525BG1998-09-23
2WF.5514BM1998-05-01